000 00788nam a2200193Ia 4500
008 151121s9999||||xx |||||||||||||| ||und||
082 _a780/गर्ग
082 _bHNW-58534
100 _aगर्ग लक्ष्मीनारायण-संपा।
245 _aकर्नाटक संगीत अंक
260 _b"संगीत कार्यालय, हाथरस,उत्तरप्रदेश"
260 _c--
300 _a200
600 _aगर्ग लक्ष्मीनारायण-संपा।
630 _aकर्नाटक संगीत अंक
700 _aगर्ग लक्ष्मीनारायण-संपा।
730 _aकर्नाटक संगीत अंक
942 _cBOOK
999 _c1240350
_d1240347